00543 2200193 4500001002100000008004100021035002000062245007100082100002200153260004800175300001300223020001800236084001400254082000800268650001600276990001900292990001900311990001900330INLIS000000000002218 ind  a0010-0724002218 a100 Tokoh Islam Paling Berpengaruh Di IndonesiacShalahuddin Hamid aShalahuddin Hamid aJakartabPT Intimedia Cipta Nusantarac2003 a516 hlm. a979-3432-67-5 a297 SHA s a297 aAGAMA ISLAM aP29/CP/24/2218 aP29/CP/24/2218 aP29/CP/24/2218